Ảnh hưởng của nhiệt độ và ẩm độ lên hiệu lực diệt cỏ lồng vực của hai chủng nấm H.6 và H.7 chi helminthosporium, và khả năng gây hại của chúng trên một số cây trồng

Sự ô nhiễm môi trường của hóa chất diệt cỏ là một trong các lý do thúc giục các nhà khoa học tập trung nghiên cứu tìm kiếm giải pháp trừ cỏ bằng sinh học. Trong đó có việc sử dụng các nấm bệnh thực vật để diệt cỏ. Trong đó có hai chủ...

Full description

Saved in:
Bibliographic Details
Main Author: Võ, Bình Minh
Format: Book
Language:Undetermined
Published: Cần Thơ Đại học Cần Thơ 1998
Subjects:
Tags: Add Tag
No Tags, Be the first to tag this record!
Institutions: Trung tâm Học liệu Trường Đại học Cần Thơ
LEADER 01472nam a2200205Ia 4500
001 CTU_83304
008 210402s9999 xx 000 0 und d
082 |a 632.4 
082 |b M312 
100 |a Võ, Bình Minh 
245 0 |a Ảnh hưởng của nhiệt độ và ẩm độ lên hiệu lực diệt cỏ lồng vực của hai chủng nấm H.6 và H.7 chi helminthosporium, và khả năng gây hại của chúng trên một số cây trồng 
245 0 |c Võ Bình MInh 
260 |a Cần Thơ 
260 |b Đại học Cần Thơ 
260 |c 1998 
520 |a Sự ô nhiễm môi trường của hóa chất diệt cỏ là một trong các lý do thúc giục các nhà khoa học tập trung nghiên cứu tìm kiếm giải pháp trừ cỏ bằng sinh học. Trong đó có việc sử dụng các nấm bệnh thực vật để diệt cỏ. Trong đó có hai chủng dật ký hiệu H.6 và H.7 mà kết quả nghiên cứu bước đầu cho thấy chúng có khả năng diệt được các loại cỏ. Tuy nhiên, nhiệt độ có ảnh hưởng trên độc tính của chúng. 
650 |a Field crops,Pests,Plants, effect of herbicides on,Plants, protection of 
650 |x Diseases and pests,Control 
904 |i TRuc, QHieu 
980 |a Trung tâm Học liệu Trường Đại học Cần Thơ